000
00275nam a2200121 a 4500
008
100923s1975|||| d
245
1
0
_a
Divé palmy
100
1
_a
Faulkner, William
260
_b
Smena
_a
Bratislava
_c
1975
020
_c
22,50
044
_a
xo
_c
SK
041
_a
slo
999
_c
10625
_d
10625